Διγλωσσία
Αποθηκεύτηκε σε:
| Άλλοι συγγραφείς: | |
|---|---|
| Μορφή: | Βιβλίο |
| Γλώσσα: | Greek |
| Δημοσίευση: |
Ρόδος :
Πανεπιστήμιο Αιγαίου,
2000
|
| Σειρά: | Τετράδια εργασίας Νάξου
|
| Θέματα: | |
| Ετικέτες: |
Προσθήκη ετικέτας
Δεν υπάρχουν, Καταχωρήστε ετικέτα πρώτοι!
|
MARC
| LEADER | 00000cam a2200000 i 4500 | ||
|---|---|---|---|
| 001 | 1/58562 | ||
| 008 | 020218s2000 gre d | ||
| 020 | |a 960-86791-0-9 | ||
| 035 | |l 10000352 | ||
| 040 | |a GR-MY-UA |b gre |e aacr | ||
| 041 | 0 | |a gre | |
| 082 | 0 | |a 371.97 | |
| 245 | 1 | 0 | |a Διγλωσσία / |c επιμέλεια έκδοσης Ελένη Σκούρτου |
| 260 | |a Ρόδος : |b Πανεπιστήμιο Αιγαίου, |c 2000 | ||
| 300 | |a 125 σ. | ||
| 490 | 1 | |a Τετράδια εργασίας Νάξου | |
| 650 | 0 | 0 | |a Education, Bilingual. |
| 650 | 0 | 0 | |a Bilingualism. |
| 700 | 1 | |a Σκούρτου, Ελένη. |4 edt | |
| 830 | 0 | |a Τετράδια εργασίας Νάξου | |
| 852 | |a INST |b RHODES |e 20020218 |h 371.97 ΔΙΓ |p 005400016662 |q 005400016662 |t BK |y 0 | ||
| 901 | |a BIBL4-2002-1 | ||
| 909 | |a Ρ |b 085284 | ||
| 970 | |a ΚΟΥΛΑΚΙΟΤΗ |b ΛΙΤΣΑ |z 2002/02/18 | ||